Quality of Life. Neue strategische Zentral-Philosophie in Management und Marketing - 7 Thesen.
Objektívne a subjektívne dimenzie kvality života. Závislosť individuálnej kvality života od sociálnej kvality života. Uplatnenie kvality života v marketingovej stratégii podnikov pri plánovaní výrobkov, zohľadnení ekologických hľadísk a v cenovej politike.
Na minha lista:
| Autor principal: | |
|---|---|
| Formato: | Capítulo de Livro |
| Idioma: | alemão |
| Assuntos: | |
| Tags: |
Sem tags, seja o primeiro a adicionar uma tag!
|
MARC
| LEADER | 00000naa a2200000 4500 | ||
|---|---|---|---|
| 001 | r005499 | ||
| 005 | 20221130103627.3 | ||
| 041 | 0 | |a ger | |
| 044 | |a DE | ||
| 245 | 1 | 0 | |a Quality of Life. |b Neue strategische Zentral-Philosophie in Management und Marketing - 7 Thesen. |c M.W. Wilkes |
| 520 | |a Objektívne a subjektívne dimenzie kvality života. Závislosť individuálnej kvality života od sociálnej kvality života. Uplatnenie kvality života v marketingovej stratégii podnikov pri plánovaní výrobkov, zohľadnení ekologických hľadísk a v cenovej politike. | ||
| 610 | 2 | 0 | |a marketing |
| 610 | 2 | 0 | |a kvalita života |
| 610 | 2 | 0 | |a manažment |
| 610 | 2 | 0 | |a stratégia podniková |
| 610 | 2 | 0 | |a politika cenová |
| 610 | 2 | 0 | |a plánovanie výroby |
| 610 | 2 | 0 | |a sortiment výroby |
| 610 | 2 | 0 | |a ekológia |
| 610 | 2 | 0 | |a štýl životný |
| 100 | 1 | |a Wilkes, M.W. | |